El as (Record no. 124662)

MARC details
000 -LEADER
campo de control de longitud fija 00852nam a2200241 i 4500
001 - NÚMERO DE CONTROL
campo de control 124662
003 - IDENTIFICADOR DE NÚMERO DE CONTROL
campo de control ES-MaACL
005 - FECHA Y HORA DE LA ÚLTIMA TRANSACCIÓN
campo de control 20230906192451.0
007 - CAMPO FIJO DE DESCRIPCIÓN FÍSICA--INFORMACIÓN GENERAL
campo de control de longitud fija t|
008 - DATOS DE LONGITUD FIJA--INFORMACIÓN GENERAL
campo de control de longitud fija 070417s1920 sp ||||1| spa d
100 1# - ENTRADA PRINCIPAL--NOMBRE DE PERSONA
Nombre de persona Cadenas, José Juan.
9 (RLIN) 33383
245 13 - MENCIÓN DEL TÍTULO
Título El as
Resto del título : vodevil en tres actos /
Mención de responsabilidad, etc. original de Hennequin y de Gorsse ; adaptación castellana de José Juan Cadenas y Emilio Sánchez Pastor.
260 ## - PUBLICACIÓN, DISTRIBUCIÓN, ETC.
Lugar de publicación, distribución, etc. [Madrid :
Nombre del editor, distribuidor, etc. La Novela Teatral,
Fecha de publicación, distribución, etc. 1920]
300 ## - DESCRIPCIÓN FÍSICA
Extensión 24 h. ;
Dimensiones 20 cm.
490 1# - MENCIÓN DE SERIE
Mención de serie La novela teatral ;
Designación de volumen o secuencia 205
500 ## - NOTA GENERAL
Nota general En la cub. caricatura de María Lacalle por Tovar.
700 1# - ENTRADA AGREGADA--NOMBRE PERSONAL
Nombre de persona Hennequin, Maurice.
9 (RLIN) 62556
700 1# - ENTRADA AGREGADA--NOMBRE PERSONAL
Nombre de persona Gorsse, Henri de.
9 (RLIN) 59229
700 0# - ENTRADA AGREGADA--NOMBRE PERSONAL
Nombre de persona Tovar
Títulos y otros términos asociados al nombre , ilustrador.
9 (RLIN) 157378
830 0# - PUNTO DE ACCESO ADICIONAL DE SERIE-TÍTULO UNIFORME
Título uniforme La novela teatral ;
Designación de volumen o secuencia 205
9 (RLIN) 122427
852 ## - LOCALIZACIÓN
Ubicación ES-MaACL
Número de control de estantería 2215-F-42
Sublocalización o colección R.138769
Holdings
Estatus retirado Estado de pérdida Estado de daño No para préstamo Colección Biblioteca de origen Biblioteca actual Ubicación en estantería Fecha de adquisición Fuente de adquisición Total de préstamos Signatura topográfica completa Código de barras Visto por última vez Precio de reemplazo Tipo de ítem Koha
        Colección de folletos Biblioteca del Ateneo de Madrid Biblioteca del Ateneo de Madrid Depósito folletos 17/01/2008     2215-F-42 1129892 23/02/2023 23/02/2023 Folleto